[Event "Panama op 4th"]
[Site "Panama City"]
[Date "2023.11.08"]
[Round "4"]
[White "Campos, David"]
[Black "Chen Austin, Felipe Gabriel"]
[Result "0-1"]
[WhiteElo "1821"]
[BlackElo "1720"]
[PlyCount "162"]
[EventDate "2023.11.06"]
[EventType "swiss"]
[EventRounds "9"]
[EventCountry "PAN"]
[SourceTitle "CB46_2023"]
[SourceDate "2023.11.15"]
[SourceVersion "1"]
[SourceVersionDate "2023.11.15"]
[SourceQuality "1"]

1. e4 c5 2. Nc3 Nc6 3. Bb5 Nd4 4. Bc4 e6 5. d3 a6 6. a4 Ne7 7. Bg5 Qc7 8. Nf3 Nec6 9. 0-0 Bd6 10. h3 0-0 11. Nxd4 Nxd4 12. Ne2 Nxe2+ 13. Qxe2 Rb8 14. Qg4 Be5 15. Rab1 d5 16. Ba2 Kh8 17. Kh1 f5 18. exf5 exf5 19. Qh4 Be6 20. Rfe1 Rbe8 21. Re2 b5 22. Rbe1 Bf7 23. c3 c4 24. dxc4 dxc4 25. axb5 axb5 26. Bb1 Bg6 27. f4 Bd6 28. Rxe8 Bxe8 29. Be7 Bxe7 30. Rxe7 Qd6 31. Qe1 Bc6 32. Re5 g6 33. Kh2 Bb7 34. Re7 Qxf4+ 35. Kh1 Bc6 36. Bc2 Qd6 37. Bd1 Be4 38. Ra7 Qd5 39. Qg1 Bxg2+ 40. Qxg2 Qxd1+ 41. Kh2 Qd6+ 42. Kh1 Re8 43. Ra1 Qd3 44. h4 Qe4 45. Qxe4 Rxe4 46. Ra2 Rxh4+ 47. Kg2 Re4 48. Kf3 Re8 49. Kg2 Re4 50. Kf3 Re8 51. Kf4 h6 52. Ra6 Re4+ 53. Kf3 Kg7 54. Rb6 Re5 55. Kf4 Re4+ 56. Kf3 Re5 57. Kf4 Rd5 58. Rb7+ Kf6 59. Rb6+ Kf7 60. Rb7+ Ke8 61. Rb8+ Kd7 62. Kf3 Kc7 63. Rh8 h5 64. Ke3 Rd3+ 65. Ke2 Rd6 66. Ke3 Rd3+ 67. Ke2 Rd7 68. Ke3 Re7+ 69. Kd4 Rf7 70. Ra8 Kb7 71. Rg8 Rf6 72. Ke5 Rc6 73. Kd5 f4 74. Ke5 g5 75. Kd5 g4 76. Ke4 Rf6 77. Rg5 f3 78. Rxb5+ Kc6 79. Ra5 Kb6 80. Rxh5 f2 81. Rh1 f1Q 0-1